[Event "Arco Christmas op 3rd"]
[Site "Arco"]
[Date "2012.12.30"]
[Round "7"]
[White "Benaglia, Giovanni"]
[Black "Trauth, Michael"]
[Result "0-1"]
[WhiteElo "1939"]
[BlackElo "2155"]
[PlyCount "92"]
[EventDate "2012.12.26"]
[EventType "swiss"]
[EventRounds "7"]
[EventCountry "ITA"]
[SourceTitle "CBM 152 Extra"]
[Source "ChessBase"]
[SourceDate "2013.02.25"]
[SourceVersion "1"]
[SourceVersionDate "2013.02.25"]
[SourceQuality "1"]

1. b3 Nf6 2. Bb2 e6 3. e3 b6 4. f4 Bb7 5. Nf3 Be7 6. Be2 0-0 7. 0-0 c5 8. Qe1 d6 9. Qg3 Nbd7 10. d3 Re8 11. Nbd2 Bf8 12. e4 Nh5 13. Qh4 g6 14. Qxd8 Raxd8 15. g3 Bg7 16. Bxg7 Nxg7 17. Nc4 Nb8 18. e5 d5 19. Nd6 Re7 20. d4 Nf5 21. Nxf5 gxf5 22. Rfd1 Rc7 23. dxc5 bxc5 24. c4 d4 25. Ne1 Be4 26. Bd3 Nc6 27. Nc2 Rb7 28. Kf2 f6 29. exf6 e5 30. Ke2 Bxd3+ 31. Kxd3 e4+ 32. Kd2 Kf7 33. Rg1 h5 34. h3 Rg8 35. Rg2 Kxf6 36. Rag1 Rbg7 37. a3 a5 38. Kc1 Rb8 39. Na1 d3 40. g4 hxg4 41. hxg4 fxg4 42. Rxg4 Rxg4 43. Rxg4 Nd4 44. Rg5 e3 45. Rxc5 e2 46. Re5 Nf3 0-1

[Event "ITA-ch B"]
[Site "Civitanova Marche"]
[Date "2012.07.21"]
[Round "7"]
[White "Simeone, Giulio"]
[Black "Benaglia, Giovanni"]
[Result "1-0"]
[WhiteElo "1984"]
[BlackElo "1980"]
[PlyCount "68"]
[EventDate "2012.07.15"]
[EventType "swiss"]
[EventRounds "8"]
[EventCountry "ITA"]
[SourceTitle "EXT 2023"]
[Source "ChessBase"]
[SourceDate "2022.10.05"]
[SourceVersion "1"]
[SourceVersionDate "2022.10.05"]
[SourceQuality "1"]

1. c4 b6 2. d4 e6 3. Nc3 Bb4 4. Qc2 Bb7 5. Nf3 Nf6 6. Bg5 h6 7. Bh4 g5 8. Bg3 Ne4 9. e3 d6 10. Bd3 f5 11. Qa4+ Nc6 12. Bxe4 Bxc3+ 13. bxc3 fxe4 14. d5 Qd7 15. Nd2 Na5 16. Qc2 exd5 17. cxd5 Bxd5 18. Nxe4 0-0-0 19. Nf6 Qe6 20. Nxd5 Qxd5 21. 0-0 Nc4 22. Rfd1 Qe6 23. Rd4 h5 24. Qb3 d5 25. h4 Rdg8 26. e4 c6 27. Rad1 gxh4 28. exd5 cxd5 29. Rxd5 Qc6 30. Bxh4 Rg4 31. Bg3 h4 32. Qc2 Rxg3 33. Qf5+ Kb7 34. fxg3 hxg3 1-0

[Event "ITA-ch B"]
[Site "Civitanova Marche"]
[Date "2012.07.16"]
[Round "2"]
[White "Benaglia, Giovanni"]
[Black "Buriani, Andrea"]
[Result "0-1"]
[WhiteElo "1980"]
[BlackElo "2174"]
[PlyCount "52"]
[EventDate "2012.07.15"]
[EventType "swiss"]
[EventRounds "8"]
[EventCountry "ITA"]
[SourceTitle "EXT 2023"]
[Source "ChessBase"]
[SourceDate "2022.10.05"]
[SourceVersion "1"]
[SourceVersionDate "2022.10.05"]
[SourceQuality "1"]

1. d4 d5 2. Bg5 Nf6 3. Bxf6 exf6 4. e3 Be6 5. g3 Nd7 6. Bg2 f5 7. Ne2 c6 8. Nd2 Bd6 9. b3 b5 10. c4 Nf6 11. cxb5 cxb5 12. 0-0 0-0 13. Nf3 Rc8 14. Qd3 Qb6 15. Rfc1 Ba3 16. Rxc8 Rxc8 17. b4 Bxb4 18. Rb1 Qa5 19. Qb3 Bd6 20. Qxb5 Qxb5 21. Rxb5 Rc2 22. Kf1 Rxa2 23. Nc3 Rc2 24. Na4 Bd7 25. Ra5 Ra2 26. Rxa7 Rxa4 0-1

[Event "Porto San Giorgio op 23rd"]
[Site "Porto San Giorgio"]
[Date "2011.08.26"]
[Round "7"]
[White "Giampieri, Stefano"]
[Black "Benaglia, Giovanni"]
[Result "1-0"]
[WhiteElo "1847"]
[BlackElo "1978"]
[PlyCount "83"]
[EventDate "2011.08.21"]
[EventType "swiss"]
[EventRounds "9"]
[EventCountry "ITA"]
[SourceTitle "CBM 144 Extra"]
[Source "ChessBase"]
[SourceDate "2011.10.28"]
[SourceVersion "1"]
[SourceVersionDate "2011.10.28"]
[SourceQuality "1"]

1. d4 e6 2. c4 b6 3. Nc3 Bb4 4. Qc2 Bb7 5. a3 Bxc3+ 6. Qxc3 Nf6 7. f3 Nh5 8. Be3 0-0 9. 0-0-0 f5 10. Bf2 d6 11. e3 Nd7 12. Ne2 Qe8 13. Ng3 e5 14. Bd3 e4 15. Be2 Ndf6 16. Nxf5 exf3 17. gxf3 Nf4 18. Qe1 Nxe2+ 19. Qxe2 Qh5 20. Qc2 Bxf3 21. Rdg1 Be4 22. Nxg7 Qf7 23. Ne6+ Kh8 24. Ng5 Bxc2 25. Nxf7+ Rxf7 26. Kxc2 Ne4 27. Bg3 Nf2 28. Bxf2 Rxf2+ 29. Kc3 Rg8 30. Rxg8+ Kxg8 31. h4 Re2 32. Rh3 Kf7 33. b3 Kg6 34. Rg3+ Kf5 35. Rg7 Rxe3+ 36. Kb4 a5+ 37. Ka4 c6 38. Rb7 b5+ 39. cxb5 cxb5+ 40. Rxb5+ Kf4 41. h5 Re4 42. Rd5 1-0

[Event "Porto San Giorgio op 23rd"]
[Site "Porto San Giorgio"]
[Date "2011.08.25"]
[Round "6"]
[White "Benaglia, Giovanni"]
[Black "Barlocco, Carlo"]
[Result "0-1"]
[WhiteElo "1978"]
[BlackElo "2135"]
[PlyCount "44"]
[EventDate "2011.08.21"]
[EventType "swiss"]
[EventRounds "9"]
[EventCountry "ITA"]
[SourceTitle "CBM 144 Extra"]
[Source "ChessBase"]
[SourceDate "2011.10.28"]
[SourceVersion "1"]
[SourceVersionDate "2011.10.28"]
[SourceQuality "1"]

1. d4 d5 2. Bg5 h6 3. Bh4 c6 4. e3 Qb6 5. Qc1 e5 6. Nf3 e4 7. Nfd2 Ne7 8. Bg3 Nf5 9. Bf4 Nd7 10. h3 Bd6 11. Bxd6 Nxd6 12. c4 Qd8 13. c5 Nf5 14. b4 0-0 15. Be2 Qg5 16. Rg1 Nf6 17. Nf1 Nxd4 18. h4 Nxe2 19. hxg5 Nxc1 20. gxf6 Nd3+ 21. Ke2 g5 22. a3 a5 0-1

[Event "Nago Torbole op-A"]
[Site "Nago Torbole"]
[Date "2010.12.29"]
[Round "6"]
[White "Petragnani, Gian Giacomo"]
[Black "Benaglia, Giovanni"]
[Result "1/2-1/2"]
[WhiteElo "1714"]
[BlackElo "1996"]
[PlyCount "78"]
[EventDate "2010.12.26"]
[EventType "swiss"]
[EventRounds "7"]
[EventCountry "ITA"]
[SourceTitle "EXT 2024"]
[Source "ChessBase"]
[SourceDate "2023.10.10"]
[SourceVersion "1"]
[SourceVersionDate "2023.10.10"]
[SourceQuality "1"]

1. Nf3 e6 2. g3 b6 3. Bg2 Bb7 4. 0-0 Be7 5. d3 d5 6. Nbd2 Nf6 7. Re1 c5 8. c3 Nc6 9. Qc2 h6 10. e4 a5 11. e5 Nd7 12. d4 cxd4 13. cxd4 Rc8 14. Qb1 g5 15. Re2 g4 16. Ne1 Nxd4 17. Re3 Bg5 18. Qd3 Bxe3 19. fxe3 Nf5 20. b3 Nxe5 21. Qe2 Rc3 22. Nf1 Qc7 23. Bb2 Rc5 24. Nd3 Rc2 25. Bxe5 Qxe5 26. Qxc2 Qxa1 27. Qc7 0-0 28. Qxb7 Nxe3 29. Qxb6 Nxg2 30. Kxg2 Qxa2+ 31. Kg1 Rc8 32. Nc5 Rxc5 33. Qxc5 Qxb3 34. Qxa5 Qd1 35. Qd8+ Kg7 36. Qa5 Qd4+ 37. Kg2 Qe4+ 38. Kg1 Qd4+ 39. Kg2 Qe4+ 1/2-1/2

[Event "Nago Torbole op-A"]
[Site "Nago Torbole"]
[Date "2010.12.27"]
[Round "4"]
[White "Bevilacqua, Maurizio"]
[Black "Benaglia, Giovanni"]
[Result "1/2-1/2"]
[WhiteElo "2156"]
[BlackElo "1996"]
[PlyCount "114"]
[EventDate "2010.12.26"]
[EventType "swiss"]
[EventRounds "7"]
[EventCountry "ITA"]
[SourceTitle "EXT 2024"]
[Source "ChessBase"]
[SourceDate "2023.10.10"]
[SourceVersion "1"]
[SourceVersionDate "2023.10.10"]
[SourceQuality "1"]

1. d4 e6 2. g3 f5 3. Bg2 Nf6 4. c4 c6 5. Nc3 d5 6. cxd5 exd5 7. Bf4 Be7 8. Nf3 0-0 9. Ne5 Ne4 10. f3 Nd6 11. Qb3 Kh8 12. h4 Qb6 13. Qxb6 axb6 14. 0-0 Nd7 15. b3 b5 16. Rfc1 Nf6 17. e3 Be6 18. Ne2 Ra6 19. Nd3 Ra3 20. Nc5 Bc8 21. Rc2 Nf7 22. Bc7 Bd8 23. Bxd8 Nxd8 24. Nf4 Re8 25. Re1 Ra7 26. Ree2 Ne6 27. Nfxe6 Bxe6 28. Bh3 Bc8 29. Nd3 Kg8 30. Ne5 g6 31. Bg2 Nd7 32. Nd3 Nf6 33. Ne5 Nd7 34. f4 Nf6 35. Bf3 Ne4 36. Bxe4 fxe4 37. g4 Rxe5 38. fxe5 Bxg4 39. Rg2 Bf3 40. Rg5 Kf7 41. Kh2 Ke6 42. Rf2 Ra8 43. Kg3 Ra3 44. Kf4 Ra8 45. Rg1 Rf8+ 46. Kg3 Ra8 47. Rc1 Kf5 48. Rfc2 Ra3 49. Rb2 b4 50. Rh2 Ra8 51. Rf2 Ke6 52. Rcc2 Kf5 53. Rc1 Ke6 54. Rg1 Rg8 55. Kh3 Rf8 56. Rg5 Ra8 57. Kg3 Rg8 1/2-1/2

[Event "Nago Torbole op-A"]
[Site "Nago Torbole"]
[Date "2010.12.26"]
[Round "1"]
[White "Benaglia, Giovanni"]
[Black "Careri, Massimiliano"]
[Result "1-0"]
[WhiteElo "1996"]
[BlackElo "1631"]
[PlyCount "57"]
[EventDate "2010.12.26"]
[EventType "swiss"]
[EventRounds "7"]
[EventCountry "ITA"]
[SourceTitle "EXT 2024"]
[Source "ChessBase"]
[SourceDate "2023.10.10"]
[SourceVersion "1"]
[SourceVersionDate "2023.10.10"]
[SourceQuality "1"]

1. d4 e6 2. Nf3 Nf6 3. Bg5 d5 4. e3 c5 5. c3 h6 6. Bh4 c4 7. Nbd2 Nc6 8. Ne5 Nxe5 9. dxe5 g5 10. Bg3 Nd7 11. Rb1 h5 12. f4 Bc5 13. Qe2 h4 14. Bf2 Qa5 15. Ra1 b5 16. Nf3 b4 17. Qd2 bxc3 18. bxc3 Rb8 19. Nd4 Bxd4 20. exd4 Qa3 21. fxg5 Rb2 22. Qc1 Nb6 23. Be3 Na4 24. Bd2 Bd7 25. Be2 Ke7 26. 0-0 Rhb8 27. g6 fxg6 28. Bg5+ Ke8 29. Qf4 1-0

[Event "Turin Scaccomatto op"]
[Site "Turin"]
[Date "2009.12.06"]
[Round "4"]
[White "Manino, Edoardo"]
[Black "Benaglia, Giovanni"]
[Result "0-1"]
[WhiteElo "1960"]
[BlackElo "1982"]
[PlyCount "66"]
[EventDate "2009.12.04"]
[EventType "swiss"]
[EventRounds "5"]
[EventCountry "ITA"]
[SourceTitle "EXT 2012"]
[Source "ChessBase"]
[SourceDate "2011.11.24"]
[SourceVersion "1"]
[SourceVersionDate "2011.11.24"]
[SourceQuality "1"]

1. d4 e6 2. c4 b6 3. Nf3 Bb7 4. g3 f5 5. Bg2 Nf6 6. 0-0 Be7 7. Nc3 Ne4 8. Qc2 Nxc3 9. Qxc3 0-0 10. Rd1 Bf6 11. Qc2 Be4 12. Qb3 Qe7 13. Bf4 d6 14. d5 Nd7 15. dxe6 Nc5 16. Qa3 Nxe6 17. Be3 g5 18. Ne1 Bxg2 19. Nxg2 Qg7 20. Rab1 f4 21. Bd2 fxg3 22. hxg3 Nd4 23. Qd3 Rae8 24. Be3 c5 25. b4 Qd7 26. Kh2 Qg4 27. Bxd4 cxd4 28. Rd2 Be5 29. Rh1 Rxf2 30. Kg1 Rf7 31. e3 Qxg3 32. exd4 Bxd4+ 33. Qxd4 Re1# 0-1

[Event "Arco op 25th"]
[Site "Arco"]
[Date "2003.10.26"]
[Round "9"]
[White "Benaglia, Giovanni"]
[Black "Castellano, Alfonso"]
[Result "0-1"]
[WhiteElo "2062"]
[BlackElo "1854"]
[PlyCount "86"]
[EventDate "2003.10.18"]
[EventType "swiss"]
[EventRounds "9"]
[EventCountry "ITA"]
[SourceTitle "EXT 2004"]
[Source "ChessBase"]
[SourceDate "2003.11.25"]
[SourceVersion "1"]
[SourceVersionDate "2003.11.25"]
[SourceQuality "1"]

1. d4 Nf6 2. Nf3 g6 3. Bg5 Bg7 4. Nbd2 d6 5. e3 Nbd7 6. Be2 0-0 7. 0-0 c5 8. c3 Qc7 9. b4 b6 10. bxc5 bxc5 11. Qa4 Bb7 12. Rab1 Nb6 13. Qa3 Rfe8 14. Rb5 Bc6 15. Ra5 Nfd7 16. Rb1 e5 17. dxe5 Nxe5 18. Bf4 Nxf3+ 19. gxf3 Nd5 20. Ne4 Nxf4 21. exf4 d5 22. Ng3 c4 23. Rc5 Bf8 24. Qa5 Qd6 25. Rxc6 Qxc6 26. Bf1 f5 27. Ne2 Bc5 28. Rb5 Bb6 29. Qb4 Rab8 30. Kg2 Bc7 31. Nd4 Rxb5 32. Nxc6 Rxb4 33. Nxb4 Rd8 34. Nc6 Rd7 35. Kg3 a5 36. h4 Kg7 37. h5 g5 38. Nd4 Bxf4+ 39. Kh3 Kf6 40. Be2 Rb7 41. Bd1 Rb2 42. a4 Rxf2 43. Bc2 Rh2# 0-1

[Event "Arco op 25th"]
[Site "Arco"]
[Date "2003.10.25"]
[Round "8"]
[White "Sautto, Alessandra"]
[Black "Benaglia, Giovanni"]
[Result "1/2-1/2"]
[WhiteElo "1964"]
[BlackElo "2062"]
[PlyCount "70"]
[EventDate "2003.10.18"]
[EventType "swiss"]
[EventRounds "9"]
[EventCountry "ITA"]
[SourceTitle "EXT 2004"]
[Source "ChessBase"]
[SourceDate "2003.11.25"]
[SourceVersion "1"]
[SourceVersionDate "2003.11.25"]
[SourceQuality "1"]

1. d4 f5 2. Nc3 Nf6 3. Bg5 d5 4. Nf3 e6 5. e3 Be7 6. Ne5 0-0 7. Bd3 b6 8. 0-0 Bb7 9. Nb1 Nbd7 10. Nxd7 Qxd7 11. Nd2 Ne4 12. Bxe7 Qxe7 13. f4 c5 14. c3 a5 15. Nxe4 fxe4 16. Be2 Ba6 17. Bxa6 Rxa6 18. Qe2 Ra7 19. a3 Rc7 20. Qd2 Rfc8 21. Rac1 Rc6 22. Rf2 cxd4 23. Qxd4 Qc7 24. f5 Rc4 25. Qd2 Qe5 26. fxe6 Qxe6 27. Rcf1 R4c7 28. Rf5 Rd7 29. Qd4 h6 30. Qd2 Rcc7 31. Rf8+ Kh7 32. Qf2 Kg6 33. Qg3+ Kh7 34. Qf2 Kg6 35. Qg3+ Kh7 1/2-1/2

[Event "Arco op 25th"]
[Site "Arco"]
[Date "2003.10.18"]
[Round "2"]
[White "Agostini, Guillermo"]
[Black "Benaglia, Giovanni"]
[Result "1-0"]
[WhiteElo "1822"]
[BlackElo "2062"]
[PlyCount "65"]
[EventDate "2003.10.18"]
[EventType "swiss"]
[EventRounds "9"]
[EventCountry "ITA"]
[SourceTitle "EXT 2004"]
[Source "ChessBase"]
[SourceDate "2003.11.25"]
[SourceVersion "1"]
[SourceVersionDate "2003.11.25"]
[SourceQuality "1"]

1. d4 f5 2. g3 Nf6 3. Bg2 g6 4. c4 Bg7 5. Nc3 0-0 6. Nh3 d6 7. d5 a5 8. Nf4 Na6 9. h4 Nc5 10. h5 g5 11. h6 Bxh6 12. Rxh6 gxf4 13. Bxf4 Bd7 14. Qc2 Qe8 15. Bf3 Rb8 16. Kf1 c6 17. Kg2 b5 18. cxb5 cxb5 19. Rah1 b4 20. Bg5 bxc3 21. Bxf6 exf6 22. Rxh7 Qe5 23. Rh8+ Kf7 24. R1h7+ Ke8 25. Bh5+ Kd8 26. Rxf8+ Kc7 27. Rxb8 Kxb8 28. bxc3 Qxd5+ 29. Bf3 Qe5 30. Rh8+ Kc7 31. Qb2 Bc8 32. Qb5 Qxc3 33. Qc6+ 1-0

[Event "Genova Ducale op"]
[Site "Genova"]
[Date "2003.09.26"]
[Round "7"]
[White "Erlandsen, Carsten"]
[Black "Benaglia, Giovanni"]
[Result "1/2-1/2"]
[WhiteElo "2142"]
[BlackElo "2062"]
[PlyCount "85"]
[EventDate "2003.09.??"]
[EventType "swiss"]
[EventRounds "9"]
[EventCountry "ITA"]
[SourceTitle "EXT 2005"]
[Source "ChessBase"]
[SourceDate "2004.11.15"]
[SourceVersion "1"]
[SourceVersionDate "2004.11.15"]
[SourceQuality "1"]

1. d4 f5 2. c4 Nf6 3. g3 g6 4. Bg2 Bg7 5. Nf3 d6 6. 0-0 0-0 7. Nc3 Qe8 8. d5 a5 9. Rb1 Na6 10. Nd4 Bd7 11. b3 Nc5 12. Bb2 g5 13. a3 Qh5 14. b4 axb4 15. axb4 Na4 16. Nxa4 Bxa4 17. Qd3 Bd7 18. f3 f4 19. Nf5 Bxf5 20. Qxf5 Qg6 21. Bh3 Qxf5 22. Bxf5 Nh5 23. g4 Bxb2 24. Rxb2 Ng7 25. Be4 Ra3 26. Rc1 Rfa8 27. c5 Ne8 28. Kg2 Kg7 29. cxd6 cxd6 30. Rbc2 Rb3 31. Rc8 Rxc8 32. Rxc8 Nf6 33. Rc7 Nxe4 34. fxe4 Rxb4 35. Rxe7+ Kg8 36. e5 dxe5 37. Rxe5 h6 38. Re7 Rd4 39. Rxb7 Rxd5 40. Rb6 Kg7 41. Rb7+ Kg6 42. Rb6+ Kg7 43. Rb7+ 1/2-1/2